000 00332nam a2200133Ia 4500
005 20251222143159.0
008 251222s9999||||xx |||||||||||||| ||spa||
020 _a978-612-00-0904-8
082 _a918.5/S71
100 _aSotelo Apolaya, Silvano Daniel
245 0 _aGeografĂ­a del PerĂș:
264 _bDaniel Sotelo
942 _cLIB
999 _c13000
_d13000